000 00511nam a22001937a 4500
003 CEME
005 20210628210723.0
008 210211b xxu||||| |||| 00| 0 eng d
020 _a81-7635-369-8
040 _c.
082 _a005.133-C AIT
100 _aJones, bradly.l aitken, peter
_980692
245 _aTeach yourself c in 21 days
250 _a5TH
260 _aNEW DELHI
_bTECHMEDIA
_c2000
300 _aXXI,877P
650 _aC IN 21 DAYS COMPUTER PROGRAMMING LANGUAGE-C
_980693
942 _cBK
_2ddc
999 _c585590
_d585590